000 00600nmc a2200241 a 4500
003 AR-BaBNM
005 20251128205203.0
008 276119s1986 ||||||||||||||000 | spa||
020 _a968-16-0780-5
040 _cAR-BaBNM
100 1 _aFuentes, Carlos
245 1 0 _aAgua quemada
_bcuarteto narrativo
250 _a2ª ed.
260 _aMéxico, D.F.
_bFondo de Cultura Económica
_c1986
300 0 _a139 p.
490 0 _aTierra firme
650 4 _aLITERATURA MEXICANA
650 4 _aCUENTOS
653 0 _aBOOM LATINOAMERICANO
655 _aLITERATURA
942 _cBK
998 _cisola
999 _c10360
_d10360